Boundary Layer and Flow Control Vol 2: Its Principles and Application /

Uložené v:
Podrobná bibliografia
Hlavný autor: Lachmann, G. V. (Autor)
Médium: Kniha
Jazyk:English
Vydavateľské údaje: Bristol: Pergamon Press, 1961
Tagy: Pridať tag
Žiadne tagy, Buďte prvý, kto otaguje tento záznam!

MARC

LEADER 00000nam a22000003a 4500
001 0024845
003 SK-STU
005 20170628085245.5
007 ta
008 170628s ----xo-----e------000-0-----d
040 |a STU  |b slo 
041 0 |a eng  |h eng 
044 |a xxk 
100 1 |a Lachmann, G. V.   |4 aut  |r Z6 
245 1 0 |a Boundary Layer and Flow Control Vol 2:  |b Its Principles and Application /  |c aut. G. V. Lachmann 
260 |a Bristol:  |b Pergamon Press,  |c 1961 
300 |a 1360 s. 
996 |b 284V040681  |c V* 52659/O-23816  |l VVT  |s A  |a 24  |w 0024845_0001